| 000 | 00905nam a22002417a 4500 | ||
|---|---|---|---|
| 003 | DO-SdBNP | ||
| 005 | 20180201112203.0 | ||
| 008 | 160314b 1987 sp ||||| |||| 00| 0 spa d | ||
| 020 | _a8471768267 | ||
| 040 |
_aBPMSU _bspa _cBPMSU |
||
| 100 | 1 | _aMasters, M. | |
| 240 | 1 | 0 |
_aHawkeye Collins and Amy Adams in The mystery of the haunted house & other mysteries. _hEspañol |
| 245 | 1 | 0 |
_aEl misterio de la casa embrujada : _by siete casos más _cM. Masters; traducción, Iris Menéndez; ilustraciones, Ismael Balanyá. |
| 260 |
_aBarcelona : _bTimun Mas, _c1987. |
||
| 300 |
_a115 p. : _bil. ; _c19 cm. |
||
| 490 | 1 |
_aResuelve el misterio _v1 |
|
| 500 | _aHawkeye Collins and Amy Adams in The mystery of the haunted house & other mysteries. | ||
| 700 | 1 | 2 |
_aMenéndez, Iris, _etr. |
| 830 | 0 |
_pResuelve el misterio _v3 |
|
| 942 |
_2ddc _cBK |
||
| 945 | _aInvetariado, 2018 LP | ||
| 956 |
_aLOPEREZ _b10 |
||
| 999 |
_c9209 _d9209 |
||